000 01352cam a22003734a 4500
999 _c1091
_d1091
001 11849690
003 OSt
005 20190823104319.0
008 991124r20022000enka b 001 0 eng c
010 _a 99059591
020 _a0471899259 (cased : alk. paper)
035 _a(DNLM)100901685
040 _aDNLM/DLC
_cDLC
_dDLC
042 _apcc
050 0 0 _aRM302.5
_b.P53 2000
060 1 0 _aQZ 42
_bP536 2000
082 0 0 _aQV 738 P494b 2000
_221
100 _aEdited by Brian L. Strom.
_912862
245 0 0 _aPharmacoepidemiology
250 _a3rd ed.
260 _aChichester ;
_aNew York :
_c2002, c2000.
300 _axxii, 874 p. :
_bill. ;
_c26 cm.
500 _a"Reprinted 2002."
504 _aIncludes bibliographical references and index.
650 0 _aPharmacoepidemiology.
_91654
650 0 _aPharmacology.
_9357
650 1 2 _aPharmacoepidemiology
_xmethods.
_92960
856 4 2 _3Publisher description
_uhttp://www.loc.gov/catdir/description/wiley034/99059591.html
856 4 _3Table of Contents
_uhttp://www.loc.gov/catdir/toc/onix06/99059591.html
906 _a7
_bcbc
_corignew
_d1
_eocip
_f19
_gy-gencatlg
942 _2z
_cSLOAN